Designing and testing sampling protocols to estimate biodiversity in tropical ecosystems (Registro nro. 10819)

Detalles MARC
000 -CABECERA
Campo de control 006650000a22002050004500
090 ## - CLASIFICACIÓN LOCAL
Colección AR
Consecutivo 01740
041 0# - IDIOMA
Código de idioma para texto/pista de sonido o título separado
100 1# - ASIENTO PRINCIPAL--NOMBRE PERSONAL
Nombre personal Coddington, Jonathan A.
245 10 - MENCION DE TITULO
Título Designing and testing sampling protocols to estimate biodiversity in tropical ecosystems
650 14 - ASIENTO SECUNDARIO DE MATERIA - TERMINO TEMATICO
Término temático o nombre geográfico como elemento de entrada Ecología
650 14 - ASIENTO SECUNDARIO DE MATERIA - TERMINO TEMATICO
Término temático o nombre geográfico como elemento de entrada Biodiversidad
650 14 - ASIENTO SECUNDARIO DE MATERIA - TERMINO TEMATICO
Término temático o nombre geográfico como elemento de entrada Ecosistemas tropicales
650 14 - ASIENTO SECUNDARIO DE MATERIA - TERMINO TEMATICO
Término temático o nombre geográfico como elemento de entrada Evolución
700 1# - ASIENTO SECUNDARIO - NOMBRE PERSONAL
Nombre personal Griswold, Charles E.
700 1# - ASIENTO SECUNDARIO - NOMBRE PERSONAL
Nombre personal Salvia Dávila, Diana
700 1# - ASIENTO SECUNDARIO - NOMBRE PERSONAL
Nombre personal Peñaranda, Efrain
700 1# - ASIENTO SECUNDARIO - NOMBRE PERSONAL
Nombre personal Larcher, Scott
773 1# - Item fuente:
Título Unity of Evolutionary Biology
Especificación de materiales 594
Paginas del Articulo 44-60
Lugar, editorial y fecha de publicación 1991?
942 ## - ELEMENTOS ADICIONALES (KOHA)
Tipo de ítem Artículo
Existencias
Withdrawn status Lost status Damaged status No para préstamo Colección Ubicación Permanente Ubicación actual Fecha de adquisición Fuente de Valor Datos de publicación Seriada Total Checkouts Número topográfico Inventario / Código de Barras Date last seen Ejemplar Price effective from Forma de adquisición Tipo de material
      No para Préstamo Hemeroteca Bogotá Bogotá 27/02/2015 Muñoz Saba, Yaneth Fuera de circulación   AR 01740 012102 25/03/2015 1 25/03/2015   Artículo